Alle Spielorte der EM 2024 Spiele - Statistiken

Allgemein
  • Dieses Quiz wurde 249 mal gespielt
  • Das Durchschnittsergebnis liegt bei 9 aus 10
Antwortstatistiken
Antwort % Korrekt
München
100%
Berlin
98%
Hamburg
94%
Dortmund
91%
Stuttgart
90%
Köln
86%
Düsseldorf
84%
Frankfurt am Main
84%
Leipzig
83%
Gelsenkirchen
75%
Keine übereinstimmenden Quizze gefunden
Verteilung der Resultate
Anzahl Personen mit jedem Resultat
Perzentil nach korrekt beantworteten Fragen
Ihre Resultats-Entwicklung
Sie haben dieses Quiz noch nicht gespielt